000 00442nam a2200181Ia 4500
008 221030s9999 xx 000 0 und d
020 _a007058673X
041 _aEnglish
082 _a105.23
_bApp
100 _aL. M. Applegate
245 0 _aCorporate Information Strategy & Management Text & Cases
250 _a6th
260 _bTMH
_aNew Delhi
_c2004
300 _a726
650 _aManagement
700 _aR. D. Austin
942 _cBK
999 _c1819
_d1819